000 01058cam a22001695i 4500
008 200713s2020 mou 000 0 eng
020 _a9780323712675
050 _aRC46
_b.E87
100 1 _aFrazier, Margaret Schell,
245 1 0 _aEssentials of human diseases and conditions /
_cMargaret Schell Frazier, Tracie Fuqua.
250 _a7th edition.
260 _aMissouri
_bElsevier Ltd
_c2021
300 _apages cm
520 _a"Essentials of Human Diseases and Conditions, Seventh Edition, is a user-friendly reference intended to serve as a stimulating and practical textbook for students and an invaluable tool as a handbook for health care providers in any type of health care setting. Instructors of anatomy and physiology, disease conditions, medical insurance coding, pharmacology, massage therapy, and medical transcription may appreciate the value of this edition as a required text. This encyclopedic, but simplified, handbook includes comprehensive information on hundreds of diseases and conditions"--
700 1 _aFuqua, Tracie,
942 _cBK
999 _c2384
_d2384